Länder die in "IEN" enden - Statistiken

Allgemein
  • Dieses Quiz wurde 346 mal gespielt
    285 seit der letzten Aktualisierung
  • Das Durchschnittsergebnis liegt bei 19 aus 29
Antwortstatistiken
Country % Korrekt
Serbien
83%
Spanien
83%
Argentinien
81%
Slowenien
80%
Brasilien
79%
Indien
78%
Kroatien
78%
Kolumbien
77%
Australien
75%
Belgien
75%
Italien
75%
Albanien
73%
Bolivien
70%
Tschechien
70%
Algerien
68%
Indonesien
66%
Bulgarien
65%
Moldawien
65%
Rumanien
65%
Tunesien
62%
Georgien
61%
Saudi Arabien
60%
Armenien
59%
Syrien
57%
Nordmazedonien
56%
Jordanien
48%
Äthiopien
45%
Mauretanien
45%
F.S. Micronesien
43%
Keine übereinstimmenden Quizze gefunden
Verteilung der Resultate
Anzahl Personen mit jedem Resultat
Perzentil nach korrekt beantworteten Fragen
Ihre Resultats-Entwicklung
Sie haben dieses Quiz seit der letzten Aktualisierung nicht gespielt